| 000 | nam a22 7a 4500 | ||
|---|---|---|---|
| 999 |
_c23008 _d23008 |
||
| 008 | 170125b xxu||||| |||| 00| 0 eng d | ||
| 020 | _a9780321718235 | ||
| 050 | _aQB 43.3 .E87 2012 | ||
| 100 |
_aBennett, Jeffrey _d2012 |
||
| 245 |
_aThe essential Cosmic Perspective / _cJeffrey Bennett |
||
| 250 | _a6th ed | ||
| 260 |
_aBoston: _bAddison-Wesley, _c2012. |
||
| 300 |
_axxvi, 533 p.: _bcol. ill.; _c28cm. |
||
| 500 | _aincludes index. | ||
| 650 | _2Astronomy | ||
| 700 | _aMegan Donahue | ||
| 700 | _aNicholas Schneider | ||
| 700 | _aMark Voit | ||
| 942 |
_2lcc _cBOOKS _hQB 43.3 .E87 2012 _k30602 |
||